000 00620nam a2200229Ia 4500
003 OSt
005 20221005081950.0
006 a|||||r|||| 00| 0
007 ta
008 221004b |||||||| |||| 00| 0 mal d
024 _a58647
037 _cTextual
040 _aCRL
_cCRL
_bmal
041 _2mal
_amal
082 _aR8412, 32K3
100 _aKalathil Varghese Au.
_9611433
245 0 _aCofusiasinte tatva chintakal
260 _aNew Delhi
_bSahitya academy India
_c1963
650 _aPHILOSOPHY
942 _hR8412, 32K3
_cTEXL
_2cc
999 _c988530
_d988530